<?xml version="1.0" encoding="UTF-8"?>
<marc:record xmlns:marc="http://www.loc.gov/MARC21/slim">
   <marc:leader>00000nam a2200000 a 4500</marc:leader>
   <marc:datafield ind1="1" ind2=" " tag="100">
      <marc:subfield code="a">Johnson, Pete</marc:subfield>
      <marc:subfield code="4">aut</marc:subfield>
      <marc:subfield code="e">Verfasser/-in</marc:subfield>
   </marc:datafield>
   <marc:datafield ind1=" " ind2=" " tag="653">
      <marc:subfield code="a">Schule</marc:subfield>
   </marc:datafield>
   <marc:datafield ind1=" " ind2=" " tag="653">
      <marc:subfield code="a">Eltern</marc:subfield>
   </marc:datafield>
   <marc:datafield ind1=" " ind2=" " tag="653">
      <marc:subfield code="a">Internet</marc:subfield>
   </marc:datafield>
   <marc:datafield ind1="0" ind2="0" tag="245">
      <marc:subfield code="a">Wie man seinen Eltern das Internet erklärt</marc:subfield>
   </marc:datafield>
   <marc:datafield ind1="0" ind2="0" tag="245">
      <marc:subfield code="b">; Elternerziehung  - Band 4</marc:subfield>
   </marc:datafield>
   <marc:datafield ind1=" " ind2="1" tag="264">
      <marc:subfield code="b">arsEdition</marc:subfield>
      <marc:subfield code="c">2021</marc:subfield>
   </marc:datafield>
   <marc:datafield ind1="1" ind2=" " tag="490">
      <marc:subfield code="a">Elternerziehung für Jugendliche</marc:subfield>
   </marc:datafield>
   <marc:datafield ind1="1" ind2=" " tag="520">
      <marc:subfield code="a">Ein witziger Roman über das chaotische Leben als Teenager Dieses Kinderbuch ist die perfekte Lektüre für alle Fans von äGregs Tagebuchô oder äTom Gatesô. Luis bringt nicht nur seine Mitschüler, sondern auch alle Leser zum Lachen! Zum Buch: Luis ist in der Hölle! Nachdem sein Vater einen Erziehungskurs besucht hat, kündigt er eine computer-, fernseh- und internetfreie Zeit an, in der ädie Familie näher zusammenrücken sollô. Der blanke Horror! Doch das Schlimmste kommt erst: Die ganze Schule hält Luis für einen Lügner, weil er allen von seinem tollen Comedy-Fernsehauftritt erzählt hat. Dass ausgerechnet sein Beitrag vom Sender rausgeschnitten wurde, konnte er doch nicht ahnen! Wie soll man da nicht den Humor verlieren?      Von Bestsellerautor Pete Johnson: Der Autor der beliebten äWie man 13 wirdô-Reihe legt wieder los!     Das perfekte Geschenk: Idealer Lesestoff für Jungs und Mädchen ab 10 Jahren     So macht Lesen Spaß: Kurze Kapitel im Blog-Stil, ein sympathischer Held und witzige Geschichten     Das Leben als Teenager: Zwischen Eltern, Lehrern und Schule erlebt Luis chaotisch-lustige Abenteuer!     Extra-Motivation: Zu diesem Buch gibt es ein Quiz bei Antolin  Dieser lustige Kinderroman des britischen Bestsellerautors Pete Johnson (äWie man 13 wird und überlebtô) ist das ideale Geschenk für alle Jungs zwischen 10 und 14 Jahren. Überzeugt auch Lesemuffel!</marc:subfield>
   </marc:datafield>
   <marc:datafield ind1=" " ind2=" " tag="020">
      <marc:subfield code="a">9783845839462</marc:subfield>
      <marc:subfield code="9">9783845839462</marc:subfield>
   </marc:datafield>
</marc:record>
